Applied process design for chemical and petrochemical plants /VOL 2 (Record no. 70074)

000 -LEADER
fixed length control field 01422cam a2200361 a 4500
001 - CONTROL NUMBER
control field 4432356
003 - CONTROL NUMBER IDENTIFIER
control field NUST - PNEC
005 - DATE AND TIME OF LATEST TRANSACTION
control field 20170116181133.0
008 - FIXED-LENGTH DATA ELEMENTS--GENERAL INFORMATION
fixed length control field 940317m19952001txua b 001 0 eng
010 ## - LIBRARY OF CONGRESS CONTROL NUMBER
LC control number 94013383
020 ## - INTERNATIONAL STANDARD BOOK NUMBER
International Standard Book Number 0884150259 (v. 1)
020 ## - INTERNATIONAL STANDARD BOOK NUMBER
International Standard Book Number 0884151018 (v. 2 : acidfree)
020 ## - INTERNATIONAL STANDARD BOOK NUMBER
International Standard Book Number 0884156516 (v. 3 : acidfree paper)
040 ## - CATALOGING SOURCE
Original cataloging agency DLC
Transcribing agency LIBRARY
Modifying agency DLC
050 00 - LIBRARY OF CONGRESS CALL NUMBER
Classification number TP155.5
Item number .L8 1995
082 00 - DEWEY DECIMAL CLASSIFICATION NUMBER
Classification number 660.283 LUD
Edition number 20
100 1# - MAIN ENTRY--PERSONAL NAME
Personal name Ludwig, Ernest E.
245 10 - TITLE STATEMENT
Title Applied process design for chemical and petrochemical plants /VOL 2
Statement of responsibility, etc. Ernest E. Ludwig.
246 30 - VARYING FORM OF TITLE
Title proper/short title Applied process design
250 ## - EDITION STATEMENT
Edition statement 3rd ed.
260 ## - PUBLICATION, DISTRIBUTION, ETC.
Place of publication, distribution, etc. Houston :
Name of publisher, distributor, etc. Gulf Pub. Co.,
Date of publication, distribution, etc. c1995-c2001.
300 ## - PHYSICAL DESCRIPTION
Extent 3 v. :
Other physical details ill. ;
Dimensions 28-29 cm.
500 ## - GENERAL NOTE
General note Vol. 3 published: Boston : Gulf Professional Pub.
504 ## - BIBLIOGRAPHY, ETC. NOTE
Bibliography, etc. note Includes bibliographical references and indexes.
650 #0 - SUBJECT ADDED ENTRY--TOPICAL TERM
Topical term or geographic name entry element Chemical plants
General subdivision ME
650 #0 - SUBJECT ADDED ENTRY--TOPICAL TERM
Topical term or geographic name entry element Petroleum industry and trade
General subdivision Equipment and supplies.
856 41 - ELECTRONIC LOCATION AND ACCESS
Materials specified Table of contents
Uniform Resource Identifier <a href="http://www.loc.gov/catdir/toc/els051/94013383.html">http://www.loc.gov/catdir/toc/els051/94013383.html</a>
856 42 - ELECTRONIC LOCATION AND ACCESS
Materials specified Publisher description
Uniform Resource Identifier <a href="http://www.loc.gov/catdir/description/els032/94013383.html">http://www.loc.gov/catdir/description/els032/94013383.html</a>
906 ## - LOCAL DATA ELEMENT F, LDF (RLIN)
a 7
b cbc
c orignew
d 1
e ocip
f 19
g y-gencatlg
942 ## - ADDED ENTRY ELEMENTS (KOHA)
Source of classification or shelving scheme
Koha item type Book
Holdings
Withdrawn status Lost status Source of classification or shelving scheme Damaged status Not for loan Permanent Location Current Location Shelving location Date acquired Total Checkouts Full call number Barcode Date last seen Price effective from Koha item type
          Pakistan Navy Engineering College (PNEC) Pakistan Navy Engineering College (PNEC)       660.283 LUD PNECLIB-026575 10/06/2015   Book
© 2023 Central Library, National University of Sciences and Technology. All Rights Reserved.